00605naa a2200205 a 450000100080000000500110000800800410001910000220006024500910008226000090017365300180018265300150020065300110021565300250022665300220025170000250027370000190029870000190031777300630033610767512011-05-24 2011 bl uuuu u00u1 u #d1 aALVES, R.M. de O. aA utiliza????o da resina de Amescla (Protium heptaphyllum) no manejo da abelha Uru??u. c2011 aAbelha Uru??u aApicultura aManejo aProtium Heptaphyllum aResina de amescla1 aOLIVEIRA, I.E. da S.1 aMOURA, L.N. de1 aSOUZA, A.S. de tMensagem Doce, S??o Paulo, SPgn.110, p. 20-22, mar. 2011.